| 000 | 00643nam a22001817a 4500 | ||
|---|---|---|---|
| 003 | BD-DhUL | ||
| 005 | 20180306094047.0 | ||
| 008 | 180306s0000 ii ||||| |||| 00| 0 ben d | ||
| 040 |
_aBD-DhUL _cBD-DhUL |
||
| 082 |
_a891.443 _bGAP |
||
| 100 | 1 | _a গঙ্গোপাধ্যায়, মণিলাল | |
| 245 | 0 | 0 |
_aপাপড়ি / _cমণিলাল গঙ্গোপাধ্যায় |
| 260 |
_aকলিকাতা : _bইন্ডিয়ান, _c0000। |
||
| 300 |
_a১৯৪ পৃ. ; _c১৭ সেমি. |
||
| 650 | 4 | _aবাংলা উপন্যাস | |
| 650 | 4 | _aBengali fiction | |
| 942 |
_2ddc _cBK |
||
| 999 |
_c238918 _d238918 |
||